000 00776nam a2200217Ii 4500
003 JO-AjNU
008 230605s9999||||xx |||||||||||||| ||und||
020 _a978-977-308-659-6
040 _aJO-AjNU
_bara
_erda
_cJO-AjNU
041 _aara
050 1 4 _aDS37.4 2020
100 3 _aمخلص، محمد رماح عبدالسلام,
_eauthor
_961850
245 0 0 _aالتاريخ والمؤرخون العرب
264 3 1 _aدسوق: دار العلم والايمان؛ الجزائر:دار الجديد للنشر والتوزيع، 2020
300 _a326ص
336 _atext
_btxt
_2rdacontent
337 _aunmediated
_bn
_2rdamedia
338 _avolume
_bnc
_2rdacarrier
490 0 _aسلسلة كنوز الحضارة
650 4 _aالحضارة- تاريخ
_961851
999 _aA27978
_c31546
_d31546